"Broilers" : (Record no. 72974)

MARC details
000 -LEADER
campo de control de longitud fija 00798nam a2200241 i 4500
001 - NÚMERO DE CONTROL
campo de control 72974
003 - IDENTIFICADOR DE NÚMERO DE CONTROL
campo de control ES-MaACL
005 - FECHA Y HORA DE LA ÚLTIMA TRANSACCIÓN
campo de control 20230906171626.0
007 - CAMPO FIJO DE DESCRIPCIÓN FÍSICA--INFORMACIÓN GENERAL
campo de control de longitud fija t|
008 - DATOS DE LONGITUD FIJA--INFORMACIÓN GENERAL
campo de control de longitud fija 040906s1961 sp ||||1| spa d
100 1# - ENTRADA PRINCIPAL--NOMBRE DE PERSONA
Nombre de persona Golden, E. F.
9 (RLIN) 57653
245 10 - MENCIÓN DEL TÍTULO
Título "Broilers" :
Resto del título producción y cuidados /
Mención de responsabilidad, etc. E.F. Golden ; traducido del inglés por Benito Moreno García y Félix Palacio Remondo.
260 ## - PUBLICACIÓN, DISTRIBUCIÓN, ETC.
Lugar de publicación, distribución, etc. Zaragoza :
Nombre del editor, distribuidor, etc. Acribia,
Fecha de publicación, distribución, etc. 1961.
300 ## - DESCRIPCIÓN FÍSICA
Extensión 182 p. :
Otras características físicas il. ;
Dimensiones 20 cm.
490 1# - MENCIÓN DE SERIE
Mención de serie Manuales de técnica agropecuaria
650 ## - PUNTO DE ACCESO ADICIONAL DE MATERIA--TÉRMINO DE MATERIA
Término de materia o nombre geográfico como elemento de entrada Avicultura.
9 (RLIN) 10453
650 #4 - PUNTO DE ACCESO ADICIONAL DE MATERIA--TÉRMINO DE MATERIA
Término de materia o nombre geográfico como elemento de entrada Gallinas.
9 (RLIN) 169078
700 1# - ENTRADA AGREGADA--NOMBRE PERSONAL
Nombre de persona Moreno García, Benito.
9 (RLIN) 83377
700 1# - ENTRADA AGREGADA--NOMBRE PERSONAL
Nombre de persona Palacio Remondo, Félix.
9 (RLIN) 88381
830 1# - PUNTO DE ACCESO ADICIONAL DE SERIE-TÍTULO UNIFORME
Título uniforme Manuales de técnica agropecuaria
9 (RLIN) 183378
852 ## - LOCALIZACIÓN
Ubicación ES-MaACL
Número de control de estantería F-9856
Holdings
Estatus retirado Estado de pérdida Estado de daño No para préstamo Biblioteca de origen Biblioteca actual Ubicación en estantería Fecha de adquisición Fuente de adquisición Total de préstamos Signatura topográfica completa Código de barras Visto por última vez Precio de reemplazo Tipo de ítem Koha
        Biblioteca del Ateneo de Madrid Biblioteca del Ateneo de Madrid Sala Pecera Planta 2 17/01/2008     F-9856 1076390 23/02/2023 23/02/2023 Libro impreso